Rinviato a giudizio : il calvario di un medico /

Guardat en:
Dades bibliogràfiques
Autors principals: Matassa, Angelo (Autor), Ronga, Mimmo (Autor)
Format: Llibre
Idioma:italià
Publicat: Napoli : Pironti, 2012
Etiquetes: Afegir etiqueta
Sense etiquetes, Sigues el primer a etiquetar aquest registre!

MARC

LEADER 00000nam a22000007i 4500
001 IT\ICCU\RMB\0783717
003 ItRI
005 20241231141702.0
008 130503s2012 it |||||| ||||| |||||c
020 |a 9788879376082 
040 |b ita  |c ARCIGAY RIMINI 
041 7 |a ita  |2 ISO-639-2 
100 1 |a Matassa, Angelo  |0 IT\ICCU\RMBV\286959  |4 aut 
245 1 0 |a Rinviato a giudizio :  |b il calvario di un medico /  |c Angelo Matassa, Mimmo Ronga. 
260 |a Napoli :  |b Pironti,  |c 2012 
300 |a 103 p. ;  |c 21 cm 
700 1 |a Ronga, Mimmo  |0 IT\ICCU\RMBV\286960  |4 aut 
942 |2 ddc  |c BK 
952 |0 0  |1 0  |2 ddc  |4 0  |6 345_450000000000000_MAT_RIN  |7 1  |9 2596  |a RN  |b RN  |d 2024-12-31  |l 0  |o 345.450 MAT RIN  |p 10037  |r 2024-12-31 14:17:26  |w 2024-12-31  |y BK 
981 1 |6 z01  |a i   |b xxxe  
982 1 |6 z01  |a n 
999 |c 2253  |d 2253